| 000 | 00822nam a22001937a 4500 | ||
|---|---|---|---|
| 999 |
_c5731 _d5731 |
||
| 003 | OSt | ||
| 005 | 20251027113857.0 | ||
| 008 | 251027b ||||| |||| 00| 0 eng d | ||
| 020 | _a9780008614515 | ||
| 040 | _cKH8 | ||
| 082 | _aFIC WAL | ||
| 100 |
_aWalliams, David, _eauthor. |
||
| 245 |
_aSuper Sleuth / _cDavid Walliams ; illustrated by Adam Stower. |
||
| 260 |
_aLondon ; _bHarper Collins Publisher , _c2024. |
||
| 300 |
_a313 pages : _billustrations ; _c21 cm. |
||
| 520 | _aWhen the world's greatest detective is murdered on board a transatlantic cruise liner, who could possibly solve the crime? Enter amateur sleuth Dilly and her dog assistant Watson. But as Dilly attempts to unravel the mystery, she soon finds that her own life is in danger... | ||
| 700 |
_aStower, Adam, _eillustrator. |
||
| 942 |
_2ddc _cBK |
||